Sharjah Art Foundation Library

روح العيلة: 77 وضعيّة لبنانية/ (Record no. 6626)

MARC details
000 -LEADER
fixed length control field 00564nam a2200169Ia 4500
001 - CONTROL NUMBER
control field 6626
008 - FIXED-LENGTH DATA ELEMENTS--GENERAL INFORMATION
fixed length control field 260622s9999 xx 000 0 und d
020 ## - INTERNATIONAL STANDARD BOOK NUMBER
International Standard Book Number 9786148013102
245 #0 - TITLE STATEMENT
Title روح العيلة: 77 وضعيّة لبنانية/
Statement of responsibility, etc. فرانسيس البون
260 ## - PUBLICATION, DISTRIBUTION, ETC.
Place of publication, distribution, etc. بيروت؛
Name of publisher, distributor, etc. بيت الكتّاب الدولي؛ منشورات صنوبر؛ شريف مجدلاني؛
Date of publication, distribution, etc. 2018
300 ## - PHYSICAL DESCRIPTION
Extent 128p;
Dimensions 19x13cm
546 ## - LANGUAGE NOTE
Language note Arabic
650 ## - SUBJECT ADDED ENTRY--TOPICAL TERM
Topical term or geographic name entry element PJ7501-8517 Arabic literature
651 ## - SUBJECT ADDED ENTRY--GEOGRAPHIC NAME
Geographic name Lebanon
655 ## - INDEX TERM--GENRE/FORM
Genre/form data or focus term Fiction رواية
9 (RLIN) 9477
942 ## - ADDED ENTRY ELEMENTS (KOHA)
Koha item type Book
Holdings
Withdrawn status Lost status Damaged status Not for loan Collection Home library Current library Date acquired Total Checkouts Full call number Barcode Date last seen Price effective from Koha item type
        Language and Literature SAF Reference Library SAF Reference Library 06/22/2026   PJ7501-8517 121.017 6626 06/22/2026 06/22/2026 Book

Copyright © 2022. Sharjah Art Foundation. All Rights Reserved.